000
00295nam a2200133Ia 4500
008
200103s9999||||xx |||||||||||||| ||und||
040
_a
IMU-MPC
082
_a
Column-63
100
_a
Segal, Erich
245
0
_a
Doctors
260
_b
Bantam Books, New York
_c
1992
300
_a
809
942
_c
BK
999
_c
11301
_d
11301